1937-1987 : apprendre l’histoire et la manière de s’en servir (notice n° 1591462)
[ vue normale ]
| 000 -LEADER | |
|---|---|
| fixed length control field | 00515cam a2200145 4500500 |
| 005 - DATE AND TIME OF LATEST TRANSACTION | |
| control field | 20251228065423.0 |
| 041 ## - LANGUAGE CODE | |
| Language code of text/sound track or separate title | fre |
| 042 ## - AUTHENTICATION CODE | |
| Authentication code | dc |
| 100 10 - MAIN ENTRY--PERSONAL NAME | |
| Personal name | Bonnafé, Lucien |
| Relator term | author |
| 245 00 - TITLE STATEMENT | |
| Title | 1937-1987 : apprendre l’histoire et la manière de s’en servir |
| 260 ## - PUBLICATION, DISTRIBUTION, ETC. | |
| Date of publication, distribution, etc. | 2016.<br/> |
| 500 ## - GENERAL NOTE | |
| General note | 58 |
| 786 0# - DATA SOURCE ENTRY | |
| Note | VST - Vie sociale et traitements | 129 | 1 | 2016-02-17 | p. 129-134 | 0396-8669 |
| 856 41 - ELECTRONIC LOCATION AND ACCESS | |
| Uniform Resource Identifier | <a href="https://shs.cairn.info/revue-vie-sociale-et-traitements-2016-1-page-129?lang=fr&redirect-ssocas=7080">https://shs.cairn.info/revue-vie-sociale-et-traitements-2016-1-page-129?lang=fr&redirect-ssocas=7080</a> |
Pas d'exemplaire disponible.




Réseaux sociaux